000 00828nam a2200241 i 4500
001 bg
100 1 _aGÓRSKA, Ewa
245 1 0 _aErgonomia i organizacja stanowisk roboczych :
_bćwiczenia laboratoryjne /
_cEwa Górska, Halina Juchełko.
260 _aWarszawa :
_bOficyna Wydawnicza Politechniki Warszawskiej,
_c1994.
300 _a123 s. :
_brys., wykr. ;
_c24 cm.
504 _aBibliogr. przy rozdz.
521 _aDla studentów Politechniki Warszawskiej kierunku Zarządzanie i Marketing oraz studentów IV r. Wydziałów MTiA, SiMR.
650 9 _aErgonomia
655 _aPodręczniki akademickie
700 1 _aJUCHEŁKO, Halina
020 _a8385912053
040 _cBPK
041 0 _apol
080 _a331.101.1(075.8)
920 _a83-85912-05-3
942 _cKS
008 s pl f |000 0 pol
999 _c24688
_d24688
856 _uhttp://koha.tu.koszalin.pl/cgi-bin/koha/opac-detail.pl?biblionumber=24688
_yKatalog online BPK